Social and literary history of England (Record no. 7521)

MARC details
000 -LEADER
fixed length control field 00515cam a2200205ua 4500
001 - CONTROL NUMBER
control field 8418
005 - DATE AND TIME OF LATEST TRANSACTION
control field 20260515114331.0
008 - FIXED-LENGTH DATA ELEMENTS--GENERAL INFORMATION
fixed length control field 150129n ii |||gr||||Z||||||eng
020 ## - INTERNATIONAL STANDARD BOOK NUMBER
International Standard Book Number 9788179772201
040 ## - CATALOGING SOURCE
Transcribing agency MAIN
041 ## - LANGUAGE CODE
Language code of text/sound track or separate title eng
082 ## - DEWEY DECIMAL CLASSIFICATION NUMBER
Classification number 820
100 ## - MAIN ENTRY--PERSONAL NAME
Personal name Mundra, J. N.,
Relator term Author.
245 1# - TITLE STATEMENT
Title Social and literary history of England
Statement of responsibility, etc. By J. N. Mundra
250 ## - EDITION STATEMENT
Edition statement 6th rev.
260 ## - PUBLICATION, DISTRIBUTION, ETC.
Place of publication, distribution, etc. Bareilly:
Name of publisher, distributor, etc. Prakash,
Date of publication, distribution, etc. 2010.
300 ## - PHYSICAL DESCRIPTION
Extent xi,496p.
653 ## - INDEX TERM--UNCONTROLLED
Uncontrolled term English.& Old English literatures
942 ## - ADDED ENTRY ELEMENTS (KOHA)
Koha item type Books
Holdings
Withdrawn status Lost status Damaged status Not for loan Home library Current library Shelving location Date acquired Total checkouts Full call number Barcode Date last seen Date last checked out Copy number Price effective from Koha item type
        Naharkatiya College Library Naharkatiya College Library General stacks 09/19/2020 1 820 | MUN 21175 12/26/2020 12/21/2020 1 09/19/2020 Books